Neustadt b. Coburg - Stadtteile - Statistiken

Allgemein
  • Dieses Quiz wurde 3 mal gespielt
  • Das Durchschnittsergebnis liegt bei 14 aus 22
Antwortstatistiken
Anfangsbuchstabe Stadtteil % Korrekt
B Boderndorf
100%
B Brüx
100%
F Fechheim
100%
F Fürth am Berg
100%
H Höhn
100%
K Kemmaten
100%
W Wildenheid
100%
A Aicha
67%
E Ebersdorf
67%
H Haarbrücken
67%
K Ketschenbach
67%
M Meilschnitz
67%
U Unterwasungen
67%
W Wellmersdorf
67%
H Horb bei Fürth am Berg
33%
M Mittelwasungen
33%
N Neustadt bei Coburg
33%
P Plesten
33%
R Rüttmannsdorf
33%
T Thann
33%
B Birkig
0%
W Weimersdorf
0%
Keine übereinstimmenden Quizze gefunden
Verteilung der Resultate
Anzahl Personen mit jedem Resultat
Perzentil nach korrekt beantworteten Fragen
Ihre Resultats-Entwicklung
Sie haben dieses Quiz noch nicht gespielt